[Event "GER-ch Blitz"]
[Site "Magdeburg"]
[Date "2020.08.15"]
[Round "29"]
[White "Berger, Steve"]
[Black "Barzen, Pascal"]
[Result "0-1"]
[WhiteElo "2408"]
[BlackElo "2321"]
[PlyCount "108"]
[EventDate "2020.08.15"]
[EventType "tourn (blitz)"]
[EventRounds "29"]
[EventCountry "GER"]
[EventCategory "6"]
[SourceTitle "CBM 197 Extra"]
[Source "ChessBase"]
[SourceDate "2020.09.30"]
[SourceVersion "1"]
[SourceVersionDate "2020.09.30"]
[SourceQuality "1"]

1. e4 c6 2. d4 d5 3. exd5 cxd5 4. Bd3 Nc6 5. c3 Nf6 6. h3 g6 7. Bf4 Bf5 8. Nf3 Bxd3 9. Qxd3 Bg7 10. 0-0 0-0 11. Nbd2 a6 12. Rfe1 Nd7 13. Re2 e6 14. a4 Na5 15. b4 Nc6 16. a5 Na7 17. Nb3 Nb5 18. Nc5 Nxc5 19. bxc5 Rc8 20. h4 h6 21. g3 Qf6 22. Kg2 Qf5 23. Qd2 Kh7 24. Rh1 Rfe8 25. Ne5 Kg8 26. g4 Qf6 27. f3 Nxc3 28. Rf2 Nb5 29. Kg3 Qd8 30. Bxh6 Qc7 31. Bf4 Qe7 32. h5 g5 33. Bxg5 f6 34. Ng6 Qf7 35. Bf4 e5 36. dxe5 fxe5 37. Bh6 Nd4 38. Bxg7 Qxg7 39. f4 e4 40. f5 e3 41. Qa2 exf2 42. Qxd5+ Ne6 43. fxe6 Rcd8 44. Qf5 Qc3+ 45. Kg2 Qg7 46. h6 Qh7 47. Ne5 Qxf5 48. gxf5 Kh7 49. Nf7 Rd5 50. Ng5+ Kg8 51. h7+ Kg7 52. h8Q+ Rxh8 53. Rxh8 Rxf5 54. e7 f1Q+ 0-1

[Event "GER-ch Blitz"]
[Site "Magdeburg"]
[Date "2020.08.15"]
[Round "27"]
[White "Berger, Steve"]
[Black "Ehmann, Thilo"]
[Result "0-1"]
[WhiteElo "2408"]
[BlackElo "2329"]
[PlyCount "62"]
[EventDate "2020.08.15"]
[EventType "tourn (blitz)"]
[EventRounds "29"]
[EventCountry "GER"]
[EventCategory "6"]
[SourceTitle "CBM 197 Extra"]
[Source "ChessBase"]
[SourceDate "2020.09.30"]
[SourceVersion "1"]
[SourceVersionDate "2020.09.30"]
[SourceQuality "1"]

1. e4 c5 2. Nc3 g6 3. d4 cxd4 4. Qxd4 Nf6 5. Nf3 Nc6 6. Qa4 d5 7. Bb5 Bg7 8. Bg5 0-0 9. 0-0-0 a6 10. e5 axb5 11. Qxa8 d4 12. exf6 exf6 13. Bf4 Qb6 14. Ne2 f5 15. Qa3 Be6 16. Rhe1 Bc4 17. Qd6 d3 18. cxd3 Bxa2 19. Nc3 Bb3 20. Rd2 b4 21. Nd5 Qa6 22. Ne7+ Nxe7 23. Qxa6 bxa6 24. Rxe7 Ba2 25. Rc7 Re8 26. d4 f6 27. d5 g5 28. Be3 f4 29. Bb6 g4 30. Nh4 f3 31. d6 fxg2 0-1

[Event "GER-ch Blitz"]
[Site "Magdeburg"]
[Date "2020.08.15"]
[Round "17"]
[White "Berger, Steve"]
[Black "Krause, Benedict"]
[Result "1-0"]
[WhiteElo "2408"]
[BlackElo "2425"]
[PlyCount "77"]
[EventDate "2020.08.15"]
[EventType "tourn (blitz)"]
[EventRounds "29"]
[EventCountry "GER"]
[EventCategory "6"]
[SourceTitle "CBM 197 Extra"]
[Source "ChessBase"]
[SourceDate "2020.09.30"]
[SourceVersion "1"]
[SourceVersionDate "2020.09.30"]
[SourceQuality "1"]

1. e4 c5 2. Nc3 Nc6 3. Nge2 e6 4. g3 d5 5. exd5 exd5 6. d4 Nf6 7. Bg2 cxd4 8. Nxd4 Bg4 9. f3 Bd7 10. Be3 Be7 11. 0-0 0-0 12. Re1 Re8 13. Bf2 a6 14. Qd2 Bb4 15. a3 Ba5 16. Rxe8+ Qxe8 17. Nb3 Bxc3 18. Qxc3 Rd8 19. Re1 Be6 20. Nd4 Qd7 21. Nxc6 Qxc6 22. Qxc6 bxc6 23. Bd4 Nd7 24. b4 Rc8 25. f4 h6 26. Bf1 c5 27. Bxa6 Ra8 28. Bb7 Rb8 29. bxc5 Rxb7 30. c6 Rc7 31. cxd7 Rxd7 32. a4 Rc7 33. c3 Rb7 34. a5 Rb2 35. Ra1 Bh3 36. a6 Rb8 37. a7 Ra8 38. Rb1 Kh7 39. Rb8 1-0

[Event "GER-ch Blitz"]
[Site "Magdeburg"]
[Date "2020.08.15"]
[Round "2"]
[White "Berger, Steve"]
[Black "Zelbel, Patrick"]
[Result "0-1"]
[WhiteElo "2408"]
[BlackElo "2448"]
[PlyCount "64"]
[EventDate "2020.08.15"]
[EventType "tourn (blitz)"]
[EventRounds "29"]
[EventCountry "GER"]
[EventCategory "6"]
[SourceTitle "CBM 197 Extra"]
[Source "ChessBase"]
[SourceDate "2020.09.30"]
[SourceVersion "1"]
[SourceVersionDate "2020.09.30"]
[SourceQuality "1"]

1. e4 d5 2. exd5 Qxd5 3. Nc3 Qa5 4. d4 Nf6 5. Nf3 Bf5 6. Ne5 c6 7. Bc4 e6 8. g4 Bg6 9. h4 Nbd7 10. Nxd7 Nxd7 11. h5 Be4 12. 0-0 Bd5 13. Nxd5 cxd5 14. Bd3 g6 15. h6 Bd6 16. Qf3 0-0-0 17. Qxf7 Qb6 18. Re1 Rde8 19. Qf3 Qxd4 20. Qg2 Nf6 21. Be3 Qxg4 22. Bxa7 Rhf8 23. Be3 Qh4 24. Be2 Ne4 25. Bf3 Rxf3 26. Qxf3 Qh2+ 27. Kf1 Rf8 28. Qxf8+ Bxf8 29. Ke2 Bc5 30. Bxc5 Nxc5 31. Rh1 Qe5+ 32. Kf1 Ne4 0-1

[Event "GER-ch Blitz"]
[Site "Magdeburg"]
[Date "2020.08.15"]
[Round "18"]
[White "Muranyi, Karl Jasmin"]
[Black "Berger, Steve"]
[Result "1-0"]
[WhiteElo "2331"]
[BlackElo "2408"]
[PlyCount "87"]
[EventDate "2020.08.15"]
[EventType "tourn (blitz)"]
[EventRounds "29"]
[EventCountry "GER"]
[EventCategory "6"]
[SourceTitle "CBM 197 Extra"]
[Source "ChessBase"]
[SourceDate "2020.09.30"]
[SourceVersion "1"]
[SourceVersionDate "2020.09.30"]
[SourceQuality "1"]

1. d4 d5 2. Nf3 Nf6 3. Bf4 c5 4. c3 Qb6 5. Qb3 Nc6 6. e3 c4 7. Qc2 Bf5 8. Qc1 e6 9. Nbd2 Be7 10. Be2 0-0 11. 0-0 h6 12. b3 cxb3 13. axb3 Rac8 14. Qb2 Nh5 15. Bg3 Nxg3 16. hxg3 a5 17. Rfc1 Bf6 18. Qa2 Ra8 19. Qa4 e5 20. Qb5 Qxb5 21. Bxb5 e4 22. Ne1 Rfc8 23. c4 Nb4 24. cxd5 Nxd5 25. Rxc8+ Rxc8 26. Bc4 Nb6 27. Rxa5 Bg6 28. Rb5 Bd8 29. Nc2 Ra8 30. Nb4 Ra1+ 31. Kh2 h5 32. Nd5 Nxd5 33. Bxd5 Ra2 34. Nxe4 Bxe4 35. Bxe4 Rxf2 36. Rxb7 Kf8 37. b4 Re2 38. Bd5 Rxe3 39. Rxf7+ Ke8 40. Rb7 g5 41. Bf7+ Kf8 42. Bxh5 Rd3 43. Rd7 Be7 44. b5 1-0

[Event "GER-ch Blitz"]
[Site "Magdeburg"]
[Date "2020.08.15"]
[Round "11"]
[White "Siebarth, Raiko"]
[Black "Berger, Steve"]
[Result "1/2-1/2"]
[WhiteElo "2333"]
[BlackElo "2408"]
[PlyCount "39"]
[EventDate "2020.08.15"]
[EventType "tourn (blitz)"]
[EventRounds "29"]
[EventCountry "GER"]
[EventCategory "6"]
[SourceTitle "CBM 197 Extra"]
[Source "ChessBase"]
[SourceDate "2020.09.30"]
[SourceVersion "1"]
[SourceVersionDate "2020.09.30"]
[SourceQuality "1"]

1. e4 e6 2. d4 d5 3. Nd2 c5 4. exd5 Qxd5 5. Ngf3 cxd4 6. Bc4 Qd7 7. 0-0 Nc6 8. Qe2 Nf6 9. Nb3 a6 10. a4 Bd6 11. Rd1 e5 12. Nbxd4 0-0 13. Nxc6 Qxc6 14. Bg5 Bc7 15. Bxf6 Qxf6 16. Bd5 Rb8 17. Nd2 Kh8 18. Ne4 Qg6 19. Rd3 Bg4 20. f3 1/2-1/2

[Event "GER-ch Blitz"]
[Site "Magdeburg"]
[Date "2020.08.15"]
[Round "9"]
[White "Svane, Frederik"]
[Black "Berger, Steve"]
[Result "1/2-1/2"]
[WhiteElo "2421"]
[BlackElo "2408"]
[PlyCount "56"]
[EventDate "2020.08.15"]
[EventType "tourn (blitz)"]
[EventRounds "29"]
[EventCountry "GER"]
[EventCategory "6"]
[SourceTitle "CBM 197 Extra"]
[Source "ChessBase"]
[SourceDate "2020.09.30"]
[SourceVersion "1"]
[SourceVersionDate "2020.09.30"]
[SourceQuality "1"]

1. e4 e6 2. d4 d5 3. Nd2 c5 4. exd5 Qxd5 5. Ngf3 cxd4 6. Bc4 Qd7 7. 0-0 Nc6 8. Nb3 Nf6 9. Nbxd4 Nxd4 10. Nxd4 a6 11. Re1 Bc5 12. c3 b5 13. Bd3 Bb7 14. Bf4 0-0 15. Be5 Qd5 16. Bf1 Ne4 17. Bg3 Nxg3 18. hxg3 Rfd8 19. Nf3 Qh5 20. Qe2 Rd5 21. Rad1 Rad8 22. Rxd5 Qxd5 23. c4 bxc4 24. Qxc4 Qxc4 25. Bxc4 Bxf3 26. gxf3 Rd2 27. Re2 Rxe2 28. Bxe2 a5 1/2-1/2

[Event "Titled Tuesday intern op 9th June"]
[Site "Chess.com INT"]
[Date "2020.06.09"]
[Round "7"]
[White "Labussiere, Victor"]
[Black "Berger, Steve"]
[Result "0-1"]
[WhiteElo "2332"]
[BlackElo "2408"]
[PlyCount "98"]
[EventDate "2020.06.09"]
[EventType "swiss (blitz)"]
[EventRounds "10"]
[EventCountry "USA"]
[SourceTitle "CBM 196 Extra"]
[Source "ChessBase"]
[SourceDate "2020.07.31"]
[SourceVersion "1"]
[SourceVersionDate "2020.07.31"]
[SourceQuality "1"]

1. e4 e6 2. d3 d5 3. Nd2 Nc6 4. Ngf3 Nf6 5. g3 dxe4 6. dxe4 Bc5 7. Bg2 0-0 8. 0-0 e5 9. h3 Qe7 10. c3 a5 11. Re1 Rd8 12. Qc2 b6 13. Nc4 Ba6 14. Bf1 Qe6 15. Ng5 Qe8 16. Kg2 h6 17. Nf3 Qe6 18. Ne3 Bxf1+ 19. Rxf1 Bxe3 20. Bxe3 Qc4 21. Nd2 Qd3 22. Qxd3 Rxd3 23. Kf3 Rad8 24. Ke2 a4 25. a3 Na5 26. f3 b5 27. Rad1 Nh5 28. Bf2 g6 29. Nb1 Rxd1 30. Rxd1 Rxd1 31. Kxd1 Nc4 32. Kc2 f5 33. Nd2 Kf7 34. Nxc4 bxc4 35. Kd2 Ng7 36. exf5 gxf5 37. Ke3 Ke6 38. g4 f4+ 39. Ke2 Kd5 40. Bh4 Ne6 41. Bf6 e4 42. h4 Nf8 43. h5 Ne6 44. Be7 c6 45. Bf6 c5 46. Be7 Ke5 47. g5 Nxg5 48. Bxg5 exf3+ 49. Kxf3 hxg5 0-1

[Event "Titled Tuesday intern op 9th June"]
[Site "Chess.com INT"]
[Date "2020.06.09"]
[Round "2"]
[White "Yeke, Serkan"]
[Black "Berger, Steve"]
[Result "1/2-1/2"]
[WhiteElo "2099"]
[BlackElo "2408"]
[PlyCount "142"]
[EventDate "2020.06.09"]
[EventType "swiss (blitz)"]
[EventRounds "10"]
[EventCountry "USA"]
[SourceTitle "CBM 196 Extra"]
[Source "ChessBase"]
[SourceDate "2020.07.31"]
[SourceVersion "1"]
[SourceVersionDate "2020.07.31"]
[SourceQuality "1"]

1. e4 e6 2. d3 d5 3. Nd2 Nc6 4. g3 Nf6 5. Bg2 dxe4 6. dxe4 Bc5 7. Ngf3 0-0 8. 0-0 e5 9. c3 a5 10. h3 b6 11. Re1 Qe7 12. a4 Rd8 13. Qc2 Nh5 14. Nb3 Bd6 15. Be3 Ba6 16. Nbd2 Rd7 17. Bf1 Bxf1 18. Kxf1 Rad8 19. Kg2 Bc5 20. Nc4 Nf6 21. Bg5 h6 22. Bxf6 Qxf6 23. Ne3 Bxe3 24. Rxe3 g6 25. Ree1 Qd6 26. Re2 Qc5 27. Qb3 Kg7 28. Qb5 Qxb5 29. axb5 Na7 30. Nxe5 Rd2 31. Rxd2 Rxd2 32. Nc4 Rc2 33. Rd1 Nxb5 34. Rd7 a4 35. e5 Kf8 36. Rd2 Rxd2 37. Nxd2 a3 38. bxa3 Nxc3 39. Kf3 Ke7 40. Ke3 Ke6 41. f4 Kd5 42. g4 c5 43. h4 Nb5 44. a4 Na3 45. h5 gxh5 46. gxh5 Nc4+ 47. Nxc4 Kxc4 48. Ke4 Kb3 49. f5 c4 50. e6 fxe6 51. fxe6 c3 52. e7 c2 53. e8Q c1Q 54. Qb5+ Ka3 55. Qxb6 Qh1+ 56. Kf4 Qxh5 57. a5 Qg5+ 58. Kf3 Qf5+ 59. Kg3 Qg5+ 60. Kf3 Qf5+ 61. Ke3 Qe5+ 62. Kd3 Qg3+ 63. Kc4 Qf4+ 64. Kb5 Qb4+ 65. Kc6 Qe4+ 66. Kc7 Qe7+ 67. Kc6 Qe6+ 68. Kc5 Qe5+ 69. Kc6 Qe6+ 70. Kc5 Qe5+ 71. Kc6 Qe6+ 1/2-1/2

[Event "GER Cup Net V4 U2400"]
[Site "Playchess.com INT"]
[Date "2020.05.31"]
[Round "6"]
[White "Dahl, Christoph"]
[Black "Berger, Steve"]
[Result "1/2-1/2"]
[WhiteElo "2156"]
[BlackElo "2237"]
[PlyCount "124"]
[EventDate "2020.05.31"]
[EventType "swiss (blitz)"]
[EventRounds "9"]
[EventCountry "GER"]
[SourceTitle "EXT 2021"]
[Source "ChessBase"]
[SourceDate "2020.10.23"]
[SourceVersion "1"]
[SourceVersionDate "2020.10.23"]
[SourceQuality "1"]

1. e4 e6 2. d4 d5 3. Nc3 Nf6 4. e5 Nfd7 5. f4 c5 6. Nf3 Nc6 7. Be3 Be7 8. Qd2 0-0 9. dxc5 Qa5 10. 0-0-0 b6 11. Bb5 Nb4 12. a3 bxc5 13. Bxd7 Bxd7 14. axb4 cxb4 15. Nb1 Qa2 16. Nd4 Rfc8 17. f5 exf5 18. Bg5 Bf8 19. Qd3 Rc4 20. Qb3 Qa5 21. Qd3 Rac8 22. Rd2 g6 23. h4 h5 24. Re1 Be6 25. Bf4 Qb6 26. b3 R4c5 27. Be3 Qa5 28. Nxe6 Rc3 29. Nxf8 Rxd3 30. Rxd3 Kxf8 31. Rd2 Qa2 32. Bd4 Qxb3 33. e6 fxe6 34. Rxe6 Qc4 35. Rxg6 Qf1+ 36. Kb2 Qc4 37. Rh6 Ke7 38. Rh7+ Kd6 39. Rh6+ Kc7 40. Rxh5 a5 41. Rxf5 a4 42. Rf3 a3+ 43. Nxa3 bxa3+ 44. Rxa3 Rb8+ 45. Rb3 Rxb3+ 46. cxb3 Qf1 47. h5 Qf4 48. Rc2+ Kd7 49. Bg7 Ke6 50. h6 Qf5 51. Re2+ Kf7 52. Bc3 Kg6 53. Bd2 d4 54. Re7 Qd3 55. Rg7+ Kf6 56. Bg5+ Ke6 57. h7 Qc3+ 58. Ka2 Qa5+ 59. Kb1 Qe1+ 60. Ka2 Qa5+ 61. Kb1 Qe1+ 62. Ka2 Qa5+ 1/2-1/2

[Event "GER Cup Net V4 U2400"]
[Site "Playchess.com INT"]
[Date "2020.05.31"]
[Round "7"]
[White "Peng, Xiang Tobias"]
[Black "Berger, Steve"]
[Result "0-1"]
[WhiteElo "2077"]
[BlackElo "2237"]
[PlyCount "140"]
[EventDate "2020.05.31"]
[EventType "swiss (blitz)"]
[EventRounds "9"]
[EventCountry "GER"]
[SourceTitle "EXT 2021"]
[Source "ChessBase"]
[SourceDate "2020.10.23"]
[SourceVersion "1"]
[SourceVersionDate "2020.10.23"]
[SourceQuality "1"]

1. e4 e6 2. d4 d5 3. exd5 exd5 4. Bd3 Nf6 5. Nf3 c5 6. 0-0 c4 7. Be2 Be7 8. b3 cxb3 9. axb3 0-0 10. Bf4 Nc6 11. c4 Bg4 12. c5 Re8 13. Nc3 Ne4 14. Nb5 Bf6 15. Nc7 Nc3 16. Qd2 Nxe2+ 17. Kh1 Bxf3 18. gxf3 Nxf4 19. Nxe8 Qxe8 20. Qxf4 Nxd4 21. Rae1 Ne6 22. Qf5 Qc6 23. b4 a6 24. Rg1 Bc3 25. Rb1 d4 26. Qe4 Qxe4 27. fxe4 Rd8 28. f3 g5 29. Rgd1 h6 30. Kg1 Kg7 31. Kf2 Kf6 32. Ke2 d3+ 33. Kf2 a5 34. bxa5 Nxc5 35. Rb6+ Kg7 36. Rb5 Bd4+ 37. Kf1 Be3 38. Re1 d2 39. Rd1 Rd7 40. Ke2 Bd4 41. Rxd2 Ne6 42. Kf1 Rc7 43. Rd1 Rc2 44. Rxb7 Rf2+ 45. Ke1 Rxh2 46. a6 Ra2 47. a7 Rxa7 48. Rxa7 Bxa7 49. Rd7 Bd4 50. Kf1 h5 51. Kg2 Kf6 52. Kg3 Be5+ 53. Kf2 h4 54. Rb7 Bg3+ 55. Kg1 h3 56. Rb3 Nf4 57. Kh1 Ke5 58. Rb5+ Kf6 59. Rf5+ Kg6 60. Rb5 h2 61. Rb2 Nd3 62. Rg2 Nf2+ 63. Rxf2 Bxf2 64. Kxh2 Kf6 65. Kg2 Be3 66. Kg3 Bf4+ 67. Kg4 Ke5 68. Kh5 Kd4 69. Kg4 f6 70. Kf5 Be5 0-1

[Event "Titled Tuesday intern op 26th May"]
[Site "Chess.com INT"]
[Date "2020.05.26"]
[Round "6"]
[White "Saraci, Nderim"]
[Black "Berger, Steve"]
[Result "1-0"]
[WhiteElo "2415"]
[BlackElo "2408"]
[PlyCount "73"]
[EventDate "2020.05.26"]
[EventType "swiss (blitz)"]
[EventRounds "10"]
[EventCountry "USA"]
[SourceTitle "CBM 196 Extra"]
[Source "ChessBase"]
[SourceDate "2020.07.31"]
[SourceVersion "1"]
[SourceVersionDate "2020.07.31"]
[SourceQuality "1"]

1. b3 d5 2. Bb2 Bg4 3. d4 e6 4. Nd2 Nf6 5. Ngf3 Bd6 6. e3 0-0 7. Bd3 c5 8. h3 Bh5 9. 0-0 Nc6 10. a3 Qe7 11. dxc5 Bxc5 12. b4 Bb6 13. c4 dxc4 14. Nxc4 Rfd8 15. Qc2 Bxf3 16. gxf3 Rac8 17. Rad1 Bc7 18. Qb1 b5 19. Bxf6 Qxf6 20. Bxh7+ Kh8 21. Be4 bxc4 22. Bxc6 Qg5+ 23. Kh1 Qh5 24. f4 Qxh3+ 25. Kg1 Rxd1 26. Rxd1 c3 27. Bg2 Qg4 28. Qc2 Bb6 29. Rd3 g6 30. Rxc3 Rxc3 31. Qxc3+ Kh7 32. Qd2 Qf5 33. a4 Qb1+ 34. Bf1 Qb3 35. a5 Bc7 36. Qd7 Qc2 37. Qxf7+ 1-0

[Event "Titled Tuesday intern op 26th May"]
[Site "Chess.com INT"]
[Date "2020.05.26"]
[Round "2"]
[White "Simonovic, Miroslav"]
[Black "Berger, Steve"]
[Result "0-1"]
[WhiteElo "2129"]
[BlackElo "2408"]
[PlyCount "102"]
[EventDate "2020.05.26"]
[EventType "swiss (blitz)"]
[EventRounds "10"]
[EventCountry "USA"]
[SourceTitle "CBM 196 Extra"]
[Source "ChessBase"]
[SourceDate "2020.07.31"]
[SourceVersion "1"]
[SourceVersionDate "2020.07.31"]
[SourceQuality "1"]

1. d4 d5 2. Bg5 c5 3. c3 Qb6 4. Qd2 h6 5. Bh4 Bf5 6. e3 e6 7. f4 Nd7 8. dxc5 Bxc5 9. Bf2 a5 10. Ne2 Ngf6 11. Ng3 Ne4 12. Nxe4 Bxe4 13. Be2 Nf6 14. Bf3 g5 15. h3 gxf4 16. exf4 Bxf3 17. gxf3 Bxf2+ 18. Qxf2 Qxf2+ 19. Kxf2 Rg8 20. Nd2 Ke7 21. Rhg1 Nh5 22. Ke3 Ng7 23. Nb3 Nf5+ 24. Kd3 a4 25. Nd4 Nxd4 26. Kxd4 Kd6 27. Rg4 h5 28. Rg5 f6 29. Rgg1 e5+ 30. fxe5+ fxe5+ 31. Ke3 b5 32. Raf1 Kc5 33. Rxg8 Rxg8 34. f4 Rg3+ 35. Rf3 d4+ 36. Ke4 Rxf3 37. Kxf3 exf4 38. cxd4+ Kxd4 39. Kxf4 Kd3 40. Kg5 Kc2 41. Kxh5 Kxb2 42. Kg5 b4 43. h4 b3 44. h5 bxa2 45. h6 a1Q 46. h7 Kb1 47. Kg6 Qh8 48. Kh6 a3 49. Kg6 a2 50. Kh6 a1Q 51. Kg6 Qag7+ 0-1

[Event "GER Cup Net V1 U2400"]
[Site "Playchess.com INT"]
[Date "2020.05.19"]
[Round "8"]
[White "Berger, Steve"]
[Black "Kopylov, Daniel"]
[Result "0-1"]
[WhiteElo "2214"]
[BlackElo "2015"]
[PlyCount "76"]
[EventDate "2020.05.19"]
[EventType "swiss (blitz)"]
[EventRounds "9"]
[EventCountry "GER"]
[SourceTitle "EXT 2021"]
[Source "ChessBase"]
[SourceDate "2020.10.23"]
[SourceVersion "1"]
[SourceVersionDate "2020.10.23"]
[SourceQuality "1"]

1. e4 c5 2. Nc3 Nc6 3. Nge2 Nf6 4. g3 d6 5. Bg2 g6 6. d4 cxd4 7. Nxd4 Bd7 8. 0-0 Bg7 9. Nde2 0-0 10. Re1 a6 11. a4 Rc8 12. Nd5 Ne5 13. h3 Re8 14. Bg5 Nxd5 15. exd5 Nc4 16. b3 Bxa1 17. Qxa1 Ne5 18. c4 Bxh3 19. Bh6 Bxg2 20. Kxg2 f6 21. Nf4 Nf7 22. Ne6 Qb6 23. Bg7 Qxb3 24. Bxf6 Qxc4 25. Bh8 Qxd5+ 26. Kg1 Ne5 27. Bxe5 Qxe6 28. Bf4 Qf7 29. Bh6 Rc4 30. Re3 Rec8 31. Kg2 Qf6 32. Qd1 Rc2 33. Rf3 Qe6 34. Qd4 Qe5 35. Qb4 Qh5 36. Qb3+ d5 37. Qxc2 Qxf3+ 38. Kxf3 Rxc2 0-1

[Event "GER Cup Net V1 U2400"]
[Site "Playchess.com INT"]
[Date "2020.05.19"]
[Round "2"]
[White "Berger, Steve"]
[Black "Schulz, Michael4444"]
[Result "1-0"]
[WhiteElo "2214"]
[BlackElo "1979"]
[PlyCount "85"]
[EventDate "2020.05.19"]
[EventType "swiss (blitz)"]
[EventRounds "9"]
[EventCountry "GER"]
[SourceTitle "EXT 2021"]
[Source "ChessBase"]
[SourceDate "2020.10.23"]
[SourceVersion "1"]
[SourceVersionDate "2020.10.23"]
[SourceQuality "1"]

1. e4 g6 2. d4 Bg7 3. Nc3 c6 4. Be3 d5 5. Qd2 Nf6 6. e5 Ne4 7. Nxe4 dxe4 8. 0-0-0 Be6 9. Kb1 Nd7 10. Ne2 Nb6 11. Nf4 Nc4 12. Bxc4 Bxc4 13. Qb4 Bb5 14. e6 f5 15. d5 Qc7 16. dxc6 Bxc6 17. Nd5 Bxd5 18. Rxd5 0-0 19. Rd7 Qe5 20. Bd4 Qxe6 21. Rxe7 Qxe7 22. Qxe7 Bxd4 23. Rd1 Rf7 24. Qe6 Bxf2 25. Rd7 Raf8 26. Rxb7 e3 27. Rxf7 Rxf7 28. c4 f4 29. Kc2 Kg7 30. Kd3 Bh4 31. c5 Bf6 32. Ke2 Rb7 33. b3 g5 34. c6 Re7 35. Qc8 h5 36. c7 g4 37. Qd8 f3+ 38. gxf3 gxf3+ 39. Kxf3 e2 40. c8Q e1Q 41. Qh8+ Kg6 42. Qcg8+ Kf5 43. Qxh5+ 1-0

[Event "GER Cup Net V1 U2400"]
[Site "Playchess.com INT"]
[Date "2020.05.19"]
[Round "9"]
[White "Braun, Georg"]
[Black "Berger, Steve"]
[Result "0-1"]
[WhiteElo "2139"]
[BlackElo "2214"]
[PlyCount "136"]
[EventDate "2020.05.19"]
[EventType "swiss (blitz)"]
[EventRounds "9"]
[EventCountry "GER"]
[SourceTitle "EXT 2021"]
[Source "ChessBase"]
[SourceDate "2020.10.23"]
[SourceVersion "1"]
[SourceVersionDate "2020.10.23"]
[SourceQuality "1"]

1. e4 e6 2. d4 d5 3. Nc3 Nf6 4. Bg5 dxe4 5. Nxe4 Nbd7 6. Qf3 Be7 7. 0-0-0 Nxe4 8. Bxe7 Qxe7 9. Qxe4 0-0 10. Bd3 Qg5+ 11. f4 Qh6 12. Nf3 Nf6 13. Qe2 Qxf4+ 14. Kb1 b6 15. Ne5 Bb7 16. Rhf1 Qg5 17. g3 Rad8 18. Rf4 c5 19. dxc5 bxc5 20. Rdf1 Rd4 21. Nf3 Bxf3 22. R4xf3 Rfd8 23. b3 a5 24. h4 Qg4 25. Qf2 c4 26. bxc4 Rxc4 27. Bxc4 Qxc4 28. Qb6 Rc8 29. Qb3 Qc7 30. Rc1 Rb8 31. Rc3 Rxb3+ 32. cxb3 Qe7 33. Rc8+ Ne8 34. R1c7 Qf8 35. Rd7 h5 36. Rdd8 Qb4 37. Rxe8+ Kh7 38. Red8 a4 39. Rd3 axb3 40. axb3 Kg6 41. Rc4 Qb5 42. Kc2 e5 43. Kc3 f6 44. b4 Qa6 45. Kb3 Qa1 46. Rdc3 e4 47. Rc1 Qa8 48. b5 Qd5 49. Kb4 e3 50. b6 e2 51. Kc3 Qd1 52. Rxd1 exd1Q 53. Rb4 Qd8 54. b7 Qb8 55. Kd2 Kf5 56. Rb5+ Kg4 57. Rb3 g5 58. hxg5 fxg5 59. Ke2 h4 60. gxh4 gxh4 61. Kf1 h3 62. Kg1 Kh4 63. Rb4+ Kg3 64. Rb3+ Kg4 65. Rb4+ Kh5 66. Rb5+ Kh6 67. Rb6+ Kh7 68. Rb3 Qg8+ 0-1

[Event "Titled Tuesday intern op 5th May"]
[Site "Chess.com INT"]
[Date "2020.05.05"]
[Round "3"]
[White "Berger, Steve"]
[Black "Lopez Idarraga, Daniel Eduardo"]
[Result "1-0"]
[WhiteElo "2408"]
[BlackElo "2009"]
[PlyCount "47"]
[EventDate "2020.05.05"]
[EventType "swiss (blitz)"]
[EventRounds "10"]
[EventCountry "USA"]
[SourceTitle "CBM 196 Extra"]
[Source "ChessBase"]
[SourceDate "2020.07.31"]
[SourceVersion "1"]
[SourceVersionDate "2020.07.31"]
[SourceQuality "1"]

1. e4 e6 2. d4 d5 3. exd5 exd5 4. Nf3 Bd6 5. c4 Nf6 6. Nc3 0-0 7. c5 Re8+ 8. Be2 Bf8 9. 0-0 h6 10. Bf4 Bf5 11. Ne5 Nbd7 12. c6 bxc6 13. Nxc6 Qc8 14. Qa4 Nb6 15. Qa6 Ne4 16. Qxc8 Rexc8 17. Ba6 Re8 18. Bb7 Bd6 19. Bxd6 Nxd6 20. Bxa8 Rxa8 21. Nb4 Rd8 22. Nbxd5 Nxd5 23. Nxd5 Nb5 24. Ne7+ 1-0